000 01118nam a2200325 i 4500
001 bg
100 1 _aSunzi
_d(?-6. a.C).
245 1 0 _aSztuka wojny.
_bSztuka zarządzania /
_cSun Tzu & Garry Gagliardi ; [tł. Tomasz Misiorek].
246 1 0 _iPodst. przekł.:
_aSun Tzu's The art of war plus The art of management
260 _aGliwice :
_bWydawnictwo Helion,
_c2005.
300 _a189, [2] s. :
_bil. ;
_c22 cm.
490 1 _aOnepress VIP
500 _aU dołu s. tyt. i okł.: Zastosuj starożytne chińskie strategie w procesie zarządzania.
600 0 9 _aSunzi.
_tSunzi Bing fa
650 9 _aStrategia
_zChiny
_y6 w. p.n.e.
650 9 _aZarządzanie
655 _aWydawnictwa popularne
700 1 _aMisiorek, Tomasz.
_dTł.
700 1 2 _aGagliardi, Gary.
_tArt of management
_l(pol.)
830 _aOnepress VIP
020 _a8373618368
040 _cBPK
041 0 _apol
_heng
044 _aPOL
080 _a005:355.4(315)"-05"
920 _a83-7361-836-8
942 _cKS
008 s pl f |000 0 pol
999 _c55981
_d55981